00716nam a2200169Ia 4500008004100000020001800041050001900059100001800078245011700096260002400213300002100237504002700258600002900285650010400314952011100418999001700529120626s9999 xx 000 0 und d a84-8063-479-0 aBF721 R71 2001 aRuano, Rosana aLa familia con hijos adolescentes : sucesos vitales y estrategias de afrontamiento / Rosana Ruano, Emilia Sierra aEspaña : Octaedro a182 p. ; 23 cm. aIncluye bibliografía aI. Serra, Emilia, coaut. a1. Adolescentes - Conducta de vida. 2. Adolescentes - Psicología 3. Adolescentes - FamiliaÌ 00104070a25b25d2011-11-29l8m1oBF721 R71 2001p06 001722r2019-05-06s2019-05-06t1w2012-06-26yLB c65865d65865